000
00282nam a2200097Ia 4500
001
648872
005
20250826153730.0
008
250824s9999 xx 000 0 und d
245
0
_a
Ben Çocukken | Çocukların Kalbine Dokunan Yazarlarla Söyleşiler
_c
Vural Kaya
260
_b
KAYALIPARK
999
_c
648872
_d
648872